[Event "Rated Blitz game"]
[Site "?"]
[Date "2021.01.18"]
[Round "?"]
[White "Kasparovillaseran"]
[Black "pasha1984"]
[Result "1-0"]
[WhiteElo "2424"]
[BlackElo "2386"]
[PlyCount "83"]
[EventDate "2021.??.??"]
[EventType "blitz"]

1. e4 e5 2. Nf3 d5 3. d4 dxe4 4. Nxe5 Bd6 5. Bf4 Nf6 6. Bc4 O-O 7. O-O Nbd7 8.
Nd2 Qe7 9. Nxd7 Bxd7 10. Bxd6 Qxd6 11. c3 Rfe8 12. Re1 Ng4 13. Nf1 Qf4 14. Qd2
Qxd2 15. Nxd2 e3 16. fxe3 Nxe3 17. Kf2 Nxc4 18. Nxc4 Rxe1 19. Rxe1 Be6 20. Ne3
Bxa2 21. c4 Bb3 22. Rc1 a5 23. Nd5 c6 24. Nb6 Rd8 25. Rc3 a4 26. Ke3 f5 27. Rc1
Kf7 28. Rf1 Kf6 29. g4 Re8+ 30. Kd3 g6 31. gxf5 gxf5 32. Nd7+ Kg5 33. Nc5 b6
34. Nd7 f4 35. Ne5 c5 36. Nf3+ Kg4 37. Ne5+ Kf5 38. Nf3 Re3+ 39. Kd2 Ke4 40.
Ng5+ Kxd4 41. Rxf4+ Ke5 42. Kxe3 {Normal} 1-0

[Event "Rated Blitz game"]
[Site "?"]
[Date "2021.01.18"]
[Round "?"]
[White "zvjaginsevfan"]
[Black "Jomajo"]
[Result "1-0"]
[WhiteElo "2517"]
[BlackElo "2656"]
[PlyCount "65"]
[EventDate "2021.??.??"]
[EventType "blitz"]

1. e4 e5 2. Nf3 d5 3. exd5 e4 4. Qe2 Qe7 5. Nd4 Nf6 6. Nc3 Qe5 7. Ndb5 a6 8. d4
Qe7 9. Na3 b5 10. Bg5 b4 11. Bxf6 gxf6 12. Nxe4 bxa3 13. d6 cxd6 14. Nxd6+ Kd8
15. Qxe7+ Bxe7 16. Nxf7+ Ke8 17. Nxh8 axb2 18. Rb1 Ba3 19. Bc4 Ra7 20. O-O Nc6
21. Rfe1+ Kf8 22. Re3 Bd6 23. Nf7 Bf4 24. Rf3 Bc1 25. Rxf6 Kg7 26. Rxc6 Bf5 27.
Bb3 a5 28. a4 Rxf7 29. Bxf7 Kxf7 30. Rb6 Bxc2 31. R1xb2 Bxb2 32. Rxb2 Bxa4 33.
Ra2 {Normal} 1-0

[Event "Rated Blitz game"]
[Site "?"]
[Date "2021.01.17"]
[Round "?"]
[White "solovaleaganar"]
[Black "Norealtrainingplayer"]
[Result "0-1"]
[WhiteElo "2427"]
[BlackElo "2437"]
[PlyCount "60"]
[EventDate "2021.??.??"]
[EventType "blitz"]

1. e4 e5 2. Nf3 d5 3. Nxe5 Bd6 4. d4 dxe4 5. Nc4 Nf6 6. Bg5 h6 7. Bh4 g5 8. Bg3
Bxg3 9. hxg3 Nc6 10. c3 Be6 11. Nbd2 Qe7 12. Qa4 O-O-O 13. Ne3 Nd5 14. Ndc4 f5
15. Nxd5 Bxd5 16. Ne3 f4 17. gxf4 gxf4 18. Nxd5 Rxd5 19. Bb5 e3 20. O-O-O exf2
21. Bxc6 bxc6 22. Qxc6 Qe3+ 23. Kb1 Qe4+ 24. Ka1 Kb8 25. Rhf1 Qxg2 26. Qf6 Re8
27. Qxf4 Qxf1 28. Rxf1 Re1+ 29. Qc1 Rxc1+ 30. Rxc1 Rg5 {Normal} 0-1

[Event "Rated Blitz game"]
[Site "?"]
[Date "2021.01.17"]
[Round "?"]
[White "StoreySniper"]
[Black "Fantastic_power06"]
[Result "0-1"]
[WhiteElo "2441"]
[BlackElo "2557"]
[PlyCount "44"]
[EventDate "2021.??.??"]
[EventType "blitz"]

1. e4 e5 2. Nf3 d5 3. exd5 e4 4. Ne5 Qxd5 5. Nc4 Nf6 6. Ne3 Qe5 7. Nc3 Nc6 8.
Be2 Be6 9. b3 O-O-O 10. Bb2 Qg5 11. O-O Bd6 12. Nb5 Bf4 13. Bxf6 gxf6 14. Nc3
f5 15. Bc4 Nd4 16. Bxe6+ fxe6 17. Kh1 Rhg8 18. g3 Nf3 19. Qe2 Qh6 20. h4 Nxh4
21. Rg1 Nf3+ 22. Kg2 Qh2+ {Normal} 0-1

[Event "Rated Blitz tournament O5sYiYw5"]
[Site "?"]
[Date "2021.01.17"]
[Round "?"]
[White "matrix12345"]
[Black "Jlgg50972"]
[Result "1-0"]
[WhiteElo "2571"]
[BlackElo "2446"]
[PlyCount "45"]
[EventDate "2021.??.??"]
[EventType "blitz"]

1. e4 e5 2. Nf3 d5 3. Nxe5 Bd6 4. d4 dxe4 5. Nc3 Bxe5 6. dxe5 Qxd1+ 7. Kxd1 Nc6
8. Bf4 Bf5 9. Bb5 Nge7 10. Re1 O-O-O+ 11. Kc1 Ng6 12. Bg3 Ncxe5 13. Nxe4 Bxe4
14. Rxe4 f5 15. Rxe5 Nxe5 16. Bxe5 Rd5 17. Bxg7 Rhd8 18. Bd3 Rg8 19. Bc4 Re8
20. Bxd5 Re1+ 21. Kd2 Rxa1 22. Be6+ Kd8 23. Bxf5 {Normal} 1-0

[Event "Rated Blitz tournament sSwSmonD"]
[Site "?"]
[Date "2021.01.17"]
[Round "?"]
[White "ammaralkzaly"]
[Black "DarthZannah"]
[Result "0-1"]
[WhiteElo "2203"]
[BlackElo "2489"]
[PlyCount "56"]
[EventDate "2021.??.??"]
[EventType "blitz"]

1. e4 e5 2. Nf3 d5 3. exd5 e4 4. Nd4 Qxd5 5. Nb3 Nf6 6. Nc3 Qf5 7. d3 Bb4 8.
dxe4 Nxe4 9. Qe2 O-O 10. Bd2 Re8 11. O-O-O Bxc3 12. Bxc3 Bd7 13. Qc4 Nxf2 14.
Bd3 Qg5+ 15. Bd2 Qg4 16. Rhf1 Nxd3+ 17. cxd3 Qxc4+ 18. dxc4 Be6 19. Nc5 Bxc4
20. Rfe1 Nc6 21. b3 Be2 22. Rxe2 Rxe2 23. Nxb7 Rxg2 24. Nc5 Rxh2 25. Bf4 Rxa2
26. Bxc7 Ra1+ 27. Kc2 Rxd1 28. Kxd1 Rc8 {Time forfeit} 0-1

[Event "Rated Blitz game"]
[Site "?"]
[Date "2021.01.17"]
[Round "?"]
[White "checkmamy"]
[Black "Jomajo"]
[Result "0-1"]
[WhiteElo "2380"]
[BlackElo "2561"]
[PlyCount "50"]
[EventDate "2021.??.??"]
[EventType "blitz"]

1. e4 e5 2. Nf3 d5 3. exd5 e4 4. Qe2 Qe7 5. Nd4 Nf6 6. Nc3 Qe5 7. Ndb5 a6 8.
Na3 b5 9. d3 Bxa3 10. dxe4 Bb4 11. Bd2 Bxc3 12. Bxc3 Qxe4 13. Qxe4+ Nxe4 14.
Bxg7 Rg8 15. Be5 f6 16. Bxc7 Nd7 17. f3 Nec5 18. Kf2 Kf7 19. b3 Bb7 20. c4 bxc4
21. Bxc4 Rge8 22. Bf4 Ne5 23. d6+ Nxc4 24. bxc4 Nd3+ 25. Kg3 Rg8+ {Normal} 0-1

[Event "Rated Blitz game"]
[Site "?"]
[Date "2021.01.17"]
[Round "?"]
[White "Smyslovs_Poodle"]
[Black "Mettigel"]
[Result "0-1"]
[WhiteElo "2315"]
[BlackElo "2442"]
[PlyCount "102"]
[EventDate "2021.??.??"]
[EventType "blitz"]

1. e4 e5 2. Nf3 d5 3. Nxe5 Bd6 4. d4 dxe4 5. Bc4 Bxe5 6. Qh5 Qe7 7. Qxe5 Qxe5
8. dxe5 Nc6 9. Nc3 Nxe5 10. Bd5 Nf6 11. Bxe4 Nxe4 12. Nxe4 Bf5 13. Nc5 O-O-O
14. Bf4 Rhe8 15. O-O b6 16. Rfe1 Nc4 17. Na6 c5 18. Nc7 Rxe1+ 19. Rxe1 Nxb2 20.
Nb5 Nc4 21. Nxa7+ Kb7 22. Nb5 Rd7 23. h3 Bxc2 24. Rc1 Rd1+ 25. Rxd1 Bxd1 26.
Nd6+ Nxd6 27. Bxd6 Kc6 28. Bf8 g6 29. Kf1 Kd5 30. Ke1 Ba4 31. Kd2 b5 32. Kc3
b4+ 33. Kd2 Kc4 34. g4 f5 35. gxf5 gxf5 36. f4 Bd7 37. h4 Be6 38. Be7 Kb5 39.
Bf8 Bxa2 40. Kc1 Be6 41. Kb2 c4 42. Bg7 Bd5 43. Be5 Be4 44. Kc1 h5 45. Kb2 Bf3
46. Kc1 c3 47. Kc2 Kc4 48. Kc1 b3 49. Kb1 Be4+ 50. Ka1 b2+ 51. Ka2 b1=Q+ {
Normal} 0-1

[Event "Rated Blitz game"]
[Site "?"]
[Date "2021.01.17"]
[Round "?"]
[White "RafaelCabral"]
[Black "zzZ-JUN-Zzz"]
[Result "0-1"]
[WhiteElo "2251"]
[BlackElo "2401"]
[PlyCount "58"]
[EventDate "2021.??.??"]
[EventType "blitz"]

1. e4 e5 2. Nf3 d5 3. Nxe5 dxe4 4. Bc4 Qg5 5. Bxf7+ Ke7 6. d4 Qxg2 7. Rf1 Nc6
8. Bc4 Nf6 9. Bf4 Bh3 10. Nc3 Rd8 11. d5 Nxe5 12. Bxe5 Ng4 13. Bxc7 Nxh2 14.
Bxd8+ Kxd8 15. Qe2 Nf3+ 16. Kd1 Qxf1+ 17. Qxf1 Bxf1 18. Bxf1 Ng5 19. Bg2 Bc5
20. Nxe4 Nxe4 21. Bxe4 Bxf2 22. Ke2 Bd4 23. c3 Bf6 24. Rf1 h5 25. Bg6 h4 26.
Kd3 h3 27. Rh1 h2 28. Ke4 Rh6 29. Kf5 Ke7 {Time forfeit} 0-1

[Event "Rated Blitz game"]
[Site "?"]
[Date "2021.01.17"]
[Round "?"]
[White "suskica"]
[Black "Tayota"]
[Result "1-0"]
[WhiteElo "2418"]
[BlackElo "2329"]
[PlyCount "119"]
[EventDate "2021.??.??"]
[EventType "blitz"]

1. e4 e5 2. Nf3 d5 3. Nxe5 Qe7 4. d4 f6 5. Nd3 Nc6 6. c3 Bf5 7. Be2 Bxe4 8. O-O
Qf7 9. Nc5 Bxc5 10. dxc5 Nge7 11. Nd2 Bf5 12. Nf3 O-O 13. Nd4 Bd7 14. Bf4 Rac8
15. b4 a6 16. a4 Ng6 17. Bg3 Nce5 18. Bh5 c6 19. f4 Nc4 20. f5 Ne3 21. fxg6
hxg6 22. Qd3 Nxf1 23. Bxg6 Qe7 24. Rxf1 f5 25. Bd6 Qg5 26. Bxf8 Qxg6 27. Bd6
Re8 28. Qd2 Re4 29. Re1 Qg4 30. h3 Qh4 31. Rxe4 fxe4 32. Qf2 Qd8 33. Qg3 Qe8
34. Ne2 Qf7 35. Be5 Bf5 36. Nf4 Kf8 37. Nh5 Bg6 38. Nxg7 Kg8 39. Bd4 Kh7 40.
Qh4+ Kg8 41. Qd8+ Kh7 42. Qd6 e3 43. Qg3 e2 44. Qf2 Qe7 45. Qe1 Qe4 46. Kf2 Bf7
47. Qxe2 Qf4+ 48. Kg1 Qc1+ 49. Kh2 Qf4+ 50. g3 Qc1 51. Nh5 Qg5 52. Nf6+ Kg6 53.
Qd3+ Kh6 54. Be3 Bg6 55. Bxg5+ Kxg5 56. Qf3 Bf5 57. h4+ Kg6 58. g4 Bc2 59. h5+
Kg5 60. Nd7 {Time forfeit} 1-0

[Event "Rated Blitz tournament lXUfY1m7"]
[Site "?"]
[Date "2021.01.17"]
[Round "?"]
[White "stambul65"]
[Black "Jlgg50972"]
[Result "0-1"]
[WhiteElo "2434"]
[BlackElo "2447"]
[PlyCount "72"]
[EventDate "2021.??.??"]
[EventType "blitz"]

1. e4 e5 2. Nf3 d5 3. d4 dxe4 4. Nxe5 Bd6 5. Nc4 Nf6 6. Nc3 O-O 7. Bg5 Re8 8.
Be2 Nc6 9. Qd2 a6 10. O-O-O b5 11. Nxd6 Qxd6 12. Bxf6 Qxf6 13. Nd5 Qd6 14. Ne3
Nb4 15. Kb1 c6 16. c4 bxc4 17. Bxc4 Be6 18. Rc1 Rab8 19. a3 Nd5 20. Ka1 Rb6 21.
Bxd5 cxd5 22. Rc5 h6 23. Qa5 Rb3 24. Rhc1 Reb8 25. R1c2 Qxh2 26. Ka2 Rd3 27.
Rd2 Qf4 28. g3 Qf6 29. Rxd3 exd3 30. Qc3 Qxf2 31. Nd1 Qe2 32. Qc1 d2 33. Qc2
Bg4 34. Nc3 Qe1 35. Qd3 d1=Q 36. Nxd1 Bxd1 {Normal} 0-1

[Event "Rated Blitz game"]
[Site "?"]
[Date "2021.01.17"]
[Round "?"]
[White "Teamplayer16"]
[Black "malcriado007"]
[Result "1-0"]
[WhiteElo "2440"]
[BlackElo "2416"]
[PlyCount "101"]
[EventDate "2021.??.??"]
[EventType "blitz"]

1. e4 e5 2. Nf3 d5 3. exd5 e4 4. Qe2 Nf6 5. d3 Qxd5 6. Nc3 Bb4 7. Bd2 Bxc3 8.
Bxc3 Nbd7 9. dxe4 Qxe4 10. Qxe4+ Nxe4 11. Bd4 O-O 12. Bd3 Nec5 13. O-O-O a5 14.
Rhe1 Ne6 15. Be3 Ndc5 16. Bc4 c6 17. h3 a4 18. a3 h6 19. g4 b5 20. Ba2 Bb7 21.
Ne5 Ne4 22. f4 Nf6 23. Nxf7 Kxf7 24. f5 Nd5 25. fxe6+ Kg8 26. e7 Rfe8 27. Bc5
Kh7 28. c3 Rac8 29. Bb1+ g6 30. Re6 Rg8 31. Rf1 Rce8 32. h4 Bc8 33. Rxg6 Rxg6
34. Rf7+ Kg8 35. Rf8+ Kg7 36. Bxg6 Rxe7 37. Bxe7 Nxe7 38. Rf7+ Kxg6 39. Rxe7
Bxg4 40. Rc7 Bf3 41. Kd2 Kh5 42. Ke3 Bd5 43. Rh7 Kg6 44. Rh8 Kh5 45. Kf4 Bc4
46. Kg3 Be6 47. Re8 Bd5 48. Re5+ Kg6 49. Kf4 Kf6 50. Rf5+ Kg6 51. h5+ {Time
forfeit} 1-0

[Event "Rated Blitz game"]
[Site "?"]
[Date "2021.01.17"]
[Round "?"]
[White "Jermov"]
[Black "Jomajo"]
[Result "0-1"]
[WhiteElo "2468"]
[BlackElo "2568"]
[PlyCount "48"]
[EventDate "2021.??.??"]
[EventType "blitz"]

1. e4 e5 2. Nf3 d5 3. d4 dxe4 4. Nxe5 Bd6 5. Bc4 Bxe5 6. Qh5 Qe7 7. Qxe5 Qxe5
8. dxe5 Nc6 9. Bf4 Nge7 10. Nd2 Ng6 11. Bg3 Ncxe5 12. Bb3 f5 13. h4 h5 14.
O-O-O a5 15. a3 a4 16. Ba2 Bd7 17. Rhe1 O-O-O 18. f3 f4 19. Bh2 e3 20. Ne4 Rhf8
21. Nc5 Nxh4 22. Be6 Nxg2 23. Nxd7 Nxd7 24. Rg1 e2 {Normal} 0-1

[Event "Rated Blitz game"]
[Site "?"]
[Date "2021.01.17"]
[Round "?"]
[White "Maxim_R"]
[Black "Rusert"]
[Result "0-1"]
[WhiteElo "2294"]
[BlackElo "2458"]
[PlyCount "62"]
[EventDate "2021.??.??"]
[EventType "blitz"]

1. e4 e5 2. Nf3 d5 3. Nxe5 Bd6 4. d4 dxe4 5. Nc4 Nf6 6. Nxd6+ cxd6 7. Be2 O-O
8. O-O Nc6 9. d5 Ne5 10. Nd2 e3 11. Nc4 exf2+ 12. Rxf2 Nxc4 13. Bxc4 Ne4 14.
Be3 Nxf2 15. Bxf2 Bf5 16. c3 Qg5 17. Qd4 Qg6 18. Bg3 Rfe8 19. Rf1 Re4 20. Qf2
Rxc4 21. Qxf5 Qxf5 22. Rxf5 Rd8 23. Kf2 Kf8 24. Rf3 Re4 25. Re3 Rxe3 26. Kxe3
Ke7 27. Kd4 Kd7 28. Bf2 b6 29. c4 Re8 30. Be3 f5 31. h4 Re4+ {Normal} 0-1

[Event "Rated Blitz tournament sFHJHcVh"]
[Site "?"]
[Date "2021.01.17"]
[Round "?"]
[White "hectorluis2019"]
[Black "ShadovvHorse"]
[Result "1-0"]
[WhiteElo "2507"]
[BlackElo "2210"]
[PlyCount "95"]
[EventDate "2021.??.??"]
[EventType "blitz"]

1. e4 e5 2. Nf3 d5 3. d4 dxe4 4. Nxe5 Bd6 5. Nc3 Bxe5 6. dxe5 Qxd1+ 7. Kxd1 Nc6
8. Bb5 Bf5 9. Ke2 Nge7 10. Bf4 Ng6 11. Bg3 O-O 12. Bxc6 bxc6 13. Ke3 Rfe8 14.
Rad1 Nxe5 15. Bxe5 Rxe5 16. Kf4 f6 17. Rhe1 Rae8 18. Rd4 g5+ 19. Ke3 Bg6 20.
Red1 f5 21. Rd8 f4+ 22. Ke2 Bh5+ 23. Ke1 Bxd1 24. Rxd1 f3 25. g3 e3 26. Rd3
exf2+ 27. Kxf2 g4 28. Rd4 h5 29. Rc4 R8e6 30. Ra4 a5 31. Rc4 Kg7 32. Rf4 Kg6
33. h3 gxh3 34. Rh4 h2 35. Kxf3 Re3+ 36. Kf2 R3e5 37. Rxh2 Rf5+ 38. Kg2 Kg5 39.
Kh3 Re3 40. Kg2 Rff3 41. Ne4+ Kf5 42. Rh4 Rxe4 43. Kxf3 Rxh4 44. gxh4 Kg6 45.
Kf4 Kf6 46. a4 Kg6 47. c3 Kf6 48. b4 {Time forfeit} 1-0

[Event "Rated Blitz game"]
[Site "?"]
[Date "2021.01.17"]
[Round "?"]
[White "checkmamy"]
[Black "Jomajo"]
[Result "0-1"]
[WhiteElo "2386"]
[BlackElo "2555"]
[PlyCount "58"]
[EventDate "2021.??.??"]
[EventType "blitz"]

1. e4 e5 2. Nf3 d5 3. exd5 e4 4. Qe2 Qe7 5. Nd4 Nf6 6. c4 c6 7. dxc6 Nxc6 8.
Nxc6 bxc6 9. Nc3 Bf5 10. h3 h5 11. g3 O-O-O 12. Bg2 Qd7 13. b3 Bc5 14. Bb2 Rhe8
15. O-O-O Bd4 16. f3 e3 17. d3 Qc7 18. g4 Bg6 19. g5 Nd7 20. Ne4 Qe5 21. Bxd4
Qxd4 22. Qb2 Ne5 23. Qxd4 Rxd4 24. Kc2 Red8 25. Rhe1 Nxd3 26. Rxe3 Nb4+ 27. Kc3
Nxa2+ 28. Kb2 Rxd1 29. Kxa2 Bxe4 {Normal} 0-1

[Event "Rated Blitz game"]
[Site "?"]
[Date "2021.01.17"]
[Round "?"]
[White "bookuazt"]
[Black "Mettigel"]
[Result "1-0"]
[WhiteElo "2308"]
[BlackElo "2451"]
[PlyCount "39"]
[EventDate "2021.??.??"]
[EventType "blitz"]

1. e4 e5 2. Nf3 d5 3. Nxe5 Bd6 4. d4 dxe4 5. Nc4 Nf6 6. Bg5 O-O 7. Nc3 Bf5 8.
Be2 Re8 9. O-O Nbd7 10. f3 h6 11. Nxd6 cxd6 12. fxe4 Bxe4 13. Bh4 g5 14. Bg3
Nb6 15. Bd3 Bxd3 16. Qxd3 Nbd5 17. Qf5 Nxc3 18. bxc3 Re6 19. h4 Ne4 20. Qxf7+ {
Normal} 1-0

[Event "Rated Blitz game"]
[Site "?"]
[Date "2021.01.17"]
[Round "?"]
[White "jdjdejdejy"]
[Black "Jomajo"]
[Result "1/2-1/2"]
[WhiteElo "2357"]
[BlackElo "2568"]
[PlyCount "150"]
[EventDate "2021.??.??"]
[EventType "blitz"]

1. e4 e5 2. Nf3 d5 3. d3 dxe4 4. dxe4 Qxd1+ 5. Kxd1 Bg4 6. Be2 Nd7 7. Nfd2
Bxe2+ 8. Kxe2 O-O-O 9. Nc4 f6 10. Be3 Ne7 11. a4 Nc6 12. c3 Bc5 13. b4 Bxe3 14.
Nxe3 a5 15. b5 Ne7 16. Nd2 Nc5 17. Nec4 b6 18. f3 Rd3 19. Rhc1 Rhd8 20. Ra3 h5
21. Nb3 Ne6 22. g3 R3d7 23. Ne3 h4 24. c4 Rd3 25. Nd5 R8xd5 26. cxd5 Rxb3 27.
Rxb3 Nd4+ 28. Ke3 Nxb3 29. Rg1 hxg3 30. Rxg3 g6 31. Rh3 Nc5 32. Rh7 Kd7 33. Rf7
Nxa4 34. Rxf6 Nc5 35. Rf8 a4 36. Ra8 Nc8 37. f4 exf4+ 38. Kxf4 Nd6 39. e5 Nd3+
40. Kg5 Nxe5 41. Rxa4 Nf3+ 42. Kf4 Nxh2 43. Ra2 Nf1 44. Rf2 Nxb5 45. Rxf1 Kd6
46. Rg1 Kxd5 47. Rxg6 Nd4 48. Ke3 b5 49. Kd3 c5 50. Rg5+ Kc6 51. Rh5 Ne6 52.
Kc3 Nc7 53. Rh6+ Kb7 54. Rd6 Na6 55. Rh6 Nb4 56. Rd6 Nc6 57. Rh6 Kb6 58. Rh5
b4+ 59. Kb3 Kb5 60. Rg5 Nd4+ 61. Kb2 Kc4 62. Rg8 b3 63. Rc8 Kb4 64. Rb8+ Nb5
65. Rxb5+ Kxb5 66. Kxb3 c4+ 67. Kc3 Kc5 68. Kc2 Kb4 69. Kb2 c3+ 70. Kc2 Kc4 71.
Kc1 Kd4 72. Kc2 Kc4 73. Kc1 Kb3 74. Kb1 c2+ 75. Kc1 Kc3 {Normal} 1/2-1/2

[Event "Rated Blitz game"]
[Site "?"]
[Date "2021.01.17"]
[Round "?"]
[White "Voorzitter-HMC"]
[Black "KinzyabulatovRenat"]
[Result "1-0"]
[WhiteElo "2417"]
[BlackElo "2336"]
[PlyCount "85"]
[EventDate "2021.??.??"]
[EventType "blitz"]

1. e4 e5 2. Nf3 d5 3. Nc3 d4 4. Ne2 Nc6 5. d3 Bg4 6. h3 Bxf3 7. gxf3 Bb4+ 8. c3
dxc3 9. bxc3 Bc5 10. f4 Nf6 11. fxe5 Nxe5 12. Ng3 Bb6 13. d4 Nc6 14. e5 Nd5 15.
Bd2 Qh4 16. Bg2 O-O-O 17. Qg4+ Qxg4 18. hxg4 f6 19. f4 g5 20. Bxd5 Rxd5 21.
exf6 gxf4 22. Bxf4 Re8+ 23. Kd2 Nxd4 24. Kc1 Ne6 25. Bd2 Nc5 26. Rxh7 Red8 27.
Rh2 Rd3 28. Nf5 Ne4 29. Bh6 Nxf6 30. Kc2 Nxg4 31. Rg2 Nxh6 32. Nxh6 Ba5 33. Nf7
Rxc3+ 34. Kb2 Rf8 35. Rd1 Rc5 36. a4 a6 37. Rf2 Bc3+ 38. Kb3 a5 39. Nd6+ cxd6
40. Rxf8+ Kc7 41. Rc1 b6 42. Rxc3 Rxc3+ 43. Kxc3 {Normal} 1-0

[Event "Rated Blitz tournament O5sYiYw5"]
[Site "?"]
[Date "2021.01.17"]
[Round "?"]
[White "Ranaroek66"]
[Black "mustafacagan"]
[Result "1/2-1/2"]
[WhiteElo "2598"]
[BlackElo "2248"]
[PlyCount "135"]
[EventDate "2021.??.??"]
[EventType "blitz"]

1. e4 e5 2. Nf3 d5 3. Nxe5 Bd6 4. d4 dxe4 5. Nc3 Nf6 6. Bg5 O-O 7. Bc4 Bxe5 8.
dxe5 Qxd1+ 9. Rxd1 Ng4 10. e6 Bxe6 11. Bxe6 fxe6 12. Nxe4 Nc6 13. f3 Nge5 14.
Ke2 h6 15. Be3 b6 16. b3 Rad8 17. a3 Rd5 18. c4 Rxd1 19. Rxd1 Na5 20. Nd2 Rd8
21. Bf4 Nac6 22. Ne4 Rxd1 23. Kxd1 Kf7 24. Kd2 g5 25. Bg3 Kg6 26. Nc3 a6 27.
Ne2 Kf5 28. Kc3 h5 29. h3 h4 30. Bh2 Kf6 31. b4 Ne7 32. f4 gxf4 33. Nxf4 Kf5
34. Nh5 b5 35. Ng7+ Ke4 36. cxb5 Nd5+ 37. Kb3 axb5 38. Nxe6 c6 39. Nd8 Ne7 40.
a4 bxa4+ 41. Kxa4 Nd3 42. Bd6 Nf5 43. Bb8 Kd5 44. Nf7 Ne3 45. Ng5 Nxg2 46. Nf3
Ke4 47. Nxh4 Nxh4 48. b5 cxb5+ 49. Kxb5 Kf3 50. Kc4 Nf2 51. Kd4 Nxh3 52. Ke5
Kg4 53. Ba7 Ng6+ 54. Ke6 Nhf4+ 55. Kf6 Nh4 56. Be3 Nd5+ 57. Ke5 Nxe3 58. Ke4
Neg2 59. Ke5 Nf4 60. Ke4 Nhg6 61. Ke3 Ne5 62. Ke4 Nfd3 63. Ke3 Kf5 64. Kd4 Kf4
65. Kd5 Kf5 66. Kd4 Kf4 67. Kd5 Kf5 68. Kd4 {Normal} 1/2-1/2

[Event "Rated Blitz game"]
[Site "?"]
[Date "2021.01.17"]
[Round "?"]
[White "mwpchess"]
[Black "Jomajo"]
[Result "1-0"]
[WhiteElo "2632"]
[BlackElo "2573"]
[PlyCount "87"]
[EventDate "2021.??.??"]
[EventType "blitz"]

1. e4 e5 2. Nf3 d5 3. Nxe5 Bd6 4. d4 dxe4 5. Qh5 Qe7 6. Bc4 Bxe5 7. Qxe5 Qxe5
8. dxe5 Nc6 9. Nc3 Nxe5 10. Bb3 Nf6 11. Bf4 Nc6 12. Nb5 O-O 13. Nxc7 Rb8 14.
Nd5 Ra8 15. Nxf6+ gxf6 16. Bh6 Re8 17. O-O-O Be6 18. Rd6 Ne5 19. h3 Rac8 20.
Kb1 f5 21. Rhd1 Nc4 22. Bxc4 Rxc4 23. Rd8 Rc8 24. Rxc8 Rxc8 25. Rd6 a5 26. b3
a4 27. c4 axb3 28. axb3 Rb8 29. Kb2 b5 30. cxb5 f4 31. b6 f3 32. gxf3 exf3 33.
h4 Bf5 34. Kc3 f6 35. Rxf6 Be4 36. Kd4 Bb7 37. Ke5 Rd8 38. Ke6 Rc8 39. Ke7 Rb8
40. Rf8+ Rxf8 41. Bxf8 h5 42. Bh6 Kh7 43. Bg5 Kg6 44. Kd6 {Normal} 1-0

[Event "Rated Blitz game"]
[Site "?"]
[Date "2021.01.17"]
[Round "?"]
[White "johanbooij"]
[Black "Evdokimov_Michael"]
[Result "0-1"]
[WhiteElo "2407"]
[BlackElo "2274"]
[PlyCount "122"]
[EventDate "2021.??.??"]
[EventType "blitz"]

1. e4 e5 2. Nf3 d5 3. d4 dxe4 4. Nxe5 Bd6 5. Bf4 Nf6 6. Bc4 O-O 7. O-O Nc6 8.
Nxc6 bxc6 9. Bg3 Rb8 10. Bb3 Bg4 11. Qd2 Bf5 12. Nc3 Re8 13. Rfe1 Nh5 14. Rad1
Nxg3 15. hxg3 Bg6 16. Ba4 Rb6 17. d5 Re5 18. Bxc6 Rxb2 19. Rb1 Rxb1 20. Rxb1 h5
21. Qf4 Rf5 22. Qh4 Qxh4 23. gxh4 Re5 24. Re1 Bc5 25. Kf1 e3 26. fxe3 Rxe3 27.
Rxe3 Bxe3 28. Nb5 Bb6 29. c3 Bd3+ 30. Ke1 Bc4 31. a3 a6 32. Nd4 Bc5 33. a4 g6
34. Kd2 Kf8 35. Ke3 Ke7 36. Kf4 Kd6 37. g4 hxg4 38. Kxg4 Bxd4 39. cxd4 Bxd5 40.
Be8 Be6+ 41. Kg5 Ke7 42. Bc6 Kd6 43. Be8 Kd5 44. Kf6 Kxd4 45. Bxf7 Bxf7 46.
Kxf7 c5 47. Kxg6 c4 48. h5 c3 49. h6 c2 50. h7 c1=Q 51. h8=Q+ Ke4 52. Qe8+ Kf3
53. Qf7+ Qf4 54. Qxf4+ Kxf4 55. Kf6 Ke4 56. Ke6 Kd4 57. Kd6 Kc4 58. Kc6 Kb4 59.
Kb6 a5 60. Ka6 Kxa4 61. Kb6 Kb4 {Time forfeit} 0-1

[Event "Rated Blitz tournament vaIQv8Yy"]
[Site "?"]
[Date "2021.01.17"]
[Round "?"]
[White "PierrotDeCastelnau"]
[Black "Maltinho"]
[Result "1-0"]
[WhiteElo "2640"]
[BlackElo "2562"]
[PlyCount "39"]
[EventDate "2021.??.??"]
[EventType "blitz"]

1. e4 e5 2. Nf3 d5 3. exd5 Bd6 4. Nc3 f5 5. d4 e4 6. Ng5 Nf6 7. Bc4 Nbd7 8. Ne6
Qe7 9. O-O Nb6 10. Bb5+ Kf7 11. Ng5+ Kg6 12. f3 e3 13. Nge4 fxe4 14. fxe4 Bxh2+
15. Kxh2 Ng4+ 16. Kg3 Qg5 17. Rf5 Bxf5 18. exf5+ Kh5 19. Qh1+ Nh2+ 20. Kxh2 {
Normal} 1-0

[Event "Rated Blitz game"]
[Site "?"]
[Date "2021.01.17"]
[Round "?"]
[White "Koenigsindisch"]
[Black "Tayota"]
[Result "1-0"]
[WhiteElo "2473"]
[BlackElo "2342"]
[PlyCount "61"]
[EventDate "2021.??.??"]
[EventType "blitz"]

1. e4 e5 2. Nf3 d5 3. exd5 e4 4. Qe2 f5 5. d3 Nf6 6. Nc3 Bb4 7. Nd2 Bxc3 8.
bxc3 O-O 9. dxe4 Nxe4 10. Nxe4 fxe4 11. Be3 c6 12. dxc6 Nxc6 13. Qc4+ Kh8 14.
Be2 Qh4 15. O-O Bf5 16. Rab1 Ne5 17. Qc5 Nf3+ 18. gxf3 exf3 19. Bxf3 Bh3 20.
Bg2 Qg4 21. Qg5 Qc8 22. Bxh3 Qxh3 23. Qg3 Qh5 24. Rxb7 Rg8 25. Bd4 Qh6 26. Re1
Rad8 27. Ree7 Rxd4 28. cxd4 a5 29. d5 Qc1+ 30. Kg2 Qxc2 31. Rb8 {Normal} 1-0

[Event "Rated Blitz game"]
[Site "?"]
[Date "2021.01.17"]
[Round "?"]
[White "chessforthemasses"]
[Black "zzZ-JUN-Zzz"]
[Result "1-0"]
[WhiteElo "2410"]
[BlackElo "2389"]
[PlyCount "111"]
[EventDate "2021.??.??"]
[EventType "blitz"]

1. e4 e5 2. Nf3 d5 3. exd5 e4 4. Qe2 Nf6 5. Nc3 Be7 6. Nxe4 O-O 7. d3 Qxd5 8.
Bd2 Bg4 9. h3 Bh5 10. Ng3 Bg6 11. Qe5 Qc6 12. Nd4 Qb6 13. O-O-O Bd6 14. Qb5
Qxd4 15. Be3 Qd5 16. Qa4 Nc6 17. f4 Rfe8 18. Bd2 Nd4 19. c3 Nf5 20. Nxf5 Qxf5
21. g4 Qd5 22. Rh2 b5 23. Qa6 Bxd3 24. Bg2 Be4 25. Be3 Qc6 26. Qxc6 Bxc6 27.
Bxc6 Rxe3 28. Bxa8 Re8 29. Rxd6 cxd6 30. Bc6 Re3 31. Bxb5 Nd5 32. f5 Nf4 33. h4
Rg3 34. g5 Rg4 35. Rd2 d5 36. c4 Rxh4 37. c5 d4 38. c6 Nd5 39. Re2 Kf8 40. Bd3
Rg4 41. g6 hxg6 42. fxg6 fxg6 43. Kc2 Rg3 44. a3 Rxd3 45. Kxd3 Nf4+ 46. Kd2
Nxe2 47. Kxe2 Ke7 48. b4 Kd6 49. b5 g5 50. Kd3 g4 51. Kxd4 Kc7 52. Ke3 Kb6 53.
a4 g5 54. Kf2 a6 55. Kg3 axb5 56. axb5 {Normal} 1-0

[Event "Rated Blitz game"]
[Site "?"]
[Date "2021.01.17"]
[Round "?"]
[White "korse"]
[Black "batasjon"]
[Result "0-1"]
[WhiteElo "2460"]
[BlackElo "2379"]
[PlyCount "31"]
[EventDate "2021.??.??"]
[EventType "blitz"]

1. e4 e5 2. Nf3 d5 3. Nxe5 Bd6 4. d4 dxe4 5. Nc3 Nf6 6. Bg5 O-O 7. Nc4 Be7 8.
Be2 Nc6 9. d5 Nxd5 10. Qxd5 Bxg5 11. Qxd8 Bxd8 12. Nxe4 Re8 13. Ng3 Nd4 14.
O-O-O Nxe2+ 15. Nxe2 Bg4 16. f4 {Normal} 0-1

[Event "Rated Blitz game"]
[Site "?"]
[Date "2021.01.17"]
[Round "?"]
[White "Fivezero"]
[Black "Jomajo"]
[Result "1-0"]
[WhiteElo "2400"]
[BlackElo "2581"]
[PlyCount "63"]
[EventDate "2021.??.??"]
[EventType "blitz"]

1. e4 e5 2. Nf3 d5 3. exd5 e4 4. Qe2 Qe7 5. Nd4 Nf6 6. Nc3 Qe5 7. Nb3 Bd6 8. d4
exd3 9. Qxe5+ Bxe5 10. Bxd3 Bxc3+ 11. bxc3 Nxd5 12. Ba3 Be6 13. Nc5 b6 14. Nxe6
fxe6 15. c4 Nf6 16. O-O-O Nc6 17. Rhe1 Kf7 18. g4 h6 19. f4 Rad8 20. g5 Nh5 21.
g6+ Kf6 22. Bb2+ Ke7 23. f5 e5 24. Bxe5 Nxe5 25. Rxe5+ Kf6 26. Re6+ Kg5 27.
Rg1+ Kf4 28. Re4+ Kf3 29. Rh4 Nf6 30. Rg3+ Kf2 31. Rf4+ Ke1 32. Rg1# {Normal}
1-0